All U.S. States East Of Mississippi River - Statistics

General Stats
  • This quiz has been taken 108 times
  • The average score is 23 of 26
Answer Stats
Hint Answer % Correct
New York
96%
Maine
94%
Florida
92%
Georgia
91%
Ohio
90%
Pennsylvania
90%
South Carolina
90%
Alabama
88%
North Carolina
88%
Rhode Island
88%
Virginia
88%
New Hampshire
87%
Vermont
87%
West Virginia
87%
Indiana
86%
Kentucky
86%
Maryland
86%
New Jersey
86%
Tennessee
86%
Delaware
85%
Massachusetts
85%
Connecticut
83%
Illinois
82%
Michigan
82%
Mississippi
81%
Wisconsin
77%
No matching quizzes found
Score Distribution
Percent of People with Each Score
Percentile by Number Answered
Your Score History
You have not taken this quiz